Právna úprava verejného obstarávania vo vzťahu k PPP projektom
Právny rámec pre realizáciu projektov verejno - súkromného partnerstva. Účinný prístup k hospodárskym príležitostiam je spojený s koncesiami na PPP projekty. Výber a uplatňovanie spravodlivých podmienok účasti.
Salvato in:
| Autore principale: | |
|---|---|
| Natura: | Capitolo di libro |
| Lingua: | slovacco |
| Soggetti: | |
| Tags: |
Nessun Tag, puoi essere il primo ad aggiungerne!!
|
MARC
| LEADER | 00000naa$a2200000$$$4500 | ||
|---|---|---|---|
| 001 | 0170035 | ||
| 005 | 20240521105211.7 | ||
| 041 | 0 | |a slo | |
| 044 | |a CZ | ||
| 245 | 1 | 0 | |a Právna úprava verejného obstarávania vo vzťahu k PPP projektom |c Dušan Holub |
| 520 | |a Právny rámec pre realizáciu projektov verejno - súkromného partnerstva. Účinný prístup k hospodárskym príležitostiam je spojený s koncesiami na PPP projekty. Výber a uplatňovanie spravodlivých podmienok účasti. | ||
| 610 | 2 | 0 | |a partnerstvo verejno-súkromné |
| 610 | 2 | 0 | |a obstarávanie verejné |
| 610 | 2 | 0 | |a súťaž verejná |
| 610 | 2 | 0 | |a projekty |
| 610 | 2 | 0 | |a koncesie |
| 610 | 2 | 0 | |a zmluvy |
| 610 | 2 | 0 | |a úpravy právne |
| 100 | 1 | |a Holub, Dušan | |